| 000 | 00724nam a2200253Ia 4500 | ||
|---|---|---|---|
| 001 | 3362 | ||
| 005 | 20240113233625.0 | ||
| 007 | ta | ||
| 008 | 050502s1924 a g b000 u eng u | ||
| 040 | _aCottn College,Assa | ||
| 041 | _aeng | ||
| 082 |
_a928 _bVIC |
||
| 100 | _aVickland, E.Elizabeth . | ||
| 245 | 0 |
_aThrough Judy`s Eyes / _cE.Elizabeth Vickland. _hTextual Documents |
|
| 250 | _aIst ed / | ||
| 260 |
_aBoston : _bThe Judson Press , _c1924. |
||
| 300 |
_a311pg : _bill ; _c19cm . |
||
| 500 | _aA World Wide Guild Missionary in Assam. | ||
| 504 | _aNorthern Baptistb Convention 276 Fifth Avenue,New York City | ||
| 653 | _aBiography | ||
| 942 |
_2ddc _cBK |
||
| 999 |
_c3350 _d3350 |
||